000 00664nam a2200229 a 4500
001 BRCA_758
005 20190320203134.0
008 990116s1998 mx-a---##b---#000-0#spa-d
020 _a970663018X
050 4 _aTX716
_b.S65 1998
100 1 _aSolís Olguín, Felipe R.
_9921
245 1 0 _aLa cultura del maíz
_cFelipe Solís.
260 _aMéxico
_bClío
_c1998
300 _a93, [2] p.
_bil. a color
_c28 cm.
500 _aIncluye índice de recetas y glosario
504 _aBibliografía: p. 95
650 1 4 _aMaíz (Cocina)
_92516
650 1 4 _aMaíz
_xHistoria
_zMéxico
_92517
650 1 4 _aCocina mexicana
_92518
653 0 _aGastronomía
942 _2lcc
_cB
999 _c657
_d657